AGRICULTURAL SITUATION IN INDIA (Record no. 9664)

MARC details
000 -LEADER
fixed length control field 00493nam a2200145Ia 4500
022 ## - INTERNATIONAL STANDARD SERIAL NUMBER
ISSN 0002-1679
245 #0 - TITLE STATEMENT
Title AGRICULTURAL SITUATION IN INDIA
260 ## - PUBLICATION, DISTRIBUTION, ETC. (IMPRINT)
Name of publisher Ministry of Agriculture, Directorate of Economics and Statistics, New Delhi
Place of publication India
310 ## - CURRENT PUBLICATION FREQUENCY
Current publication frequency M
500 ## - GENERAL NOTE
General note Ending Volume & Year: 42, 1987
500 ## - GENERAL NOTE
General note Missing Volume: 32(1-9);33(1,10-12);35(6);40;41(1);42(1,2,10-12)
500 ## - GENERAL NOTE
General note Starting Volume & Year: 32, 1978
942 ## - ADDED ENTRY ELEMENTS (KOHA)
Koha item type Bound Journal
Holdings
Withdrawn status Lost status Damaged status Not for loan Home library Current library Date acquired Accession Number Koha item type
      Bound journals RRII Library RRII Library 31/12/2021 09610J Bound Journal